00418cam a2200145u 4500082002700000110003600027245002200063250001200085260004300097300004100140526003700181650001700218650000800235650002900243 a526.8bSURcL-16, p-421 aThe survey journal of Pakistan.10aMap reproduction. a4th ed. aMuree,bThe survey of Pakistan,c1954. a92 p.,b[3] p. incl. tables.c25 cm. a0b0c0d526_800000000000000_SUR 0aCartography. 0aMCE 0aTopographical surveying.